[Event "86th Tata Steel Masters"]
[Site "Wijk aan Zee NED"]
[Date "2024.01.21"]
[Round "8.7"]
[White "Van Foreest, Jorden"]
[Black "Maghsoodloo, Parham"]
[Result "1/2-1/2"]
[WhiteTitle "GM"]
[BlackTitle "GM"]
[WhiteElo "2682"]
[BlackElo "2740"]
[WhiteFideId "1039784"]
[BlackFideId "12539929"]
[EventDate "2024.01.13"]

1. e4 c5 2. Nf3 d6 3. Bb5+ Nd7 4. d4 cxd4 5. Nxd4 Nf6 6. Bd3 Nc5 7. Nc3 a6 8.
O-O g6 9. Re1 Bg7 10. Bf1 O-O 11. a4 Bg4 12. f3 e5 13. Nde2 Be6 14. b4 Ncd7 15.
Qxd6 Re8 16. Rb1 Rc8 17. Be3 Rc4 18. Qd2 Qc7 19. Rec1 Rd8 20. Qe1 Bf8 21. Nd1
Rc8 22. c3 Rc6 23. a5 b6 24. axb6 Nxb6 25. Nb2 Ne8 26. f4 Nc4 27. Nxc4 Bxc4 28.
fxe5 Qxe5 29. Nd4 R6c7 30. Nf3 Qe6 31. Qh4 Qf6 32. Qg3 Bxf1 33. Bd4 Qe7 34. Rxf1
Nd6 35. Rbe1 Nxe4 36. Qf4 f5 37. Nd2 Bg7 38. Nxe4 Bxd4+ 39. cxd4 fxe4 40. Qxe4
Qxe4 41. Rxe4 Rd7 1/2-1/2